La obra pictórica completa de Velázquez / (Record no. 180558)

MARC details
000 -LEADER
campo de control de longitud fija 00859nam a2200241 i 4500
001 - NÚMERO DE CONTROL
campo de control 180558
003 - IDENTIFICADOR DE NÚMERO DE CONTROL
campo de control ES-MaACL
005 - FECHA Y HORA DE LA ÚLTIMA TRANSACCIÓN
campo de control 20250701025116.0
008 - DATOS DE LONGITUD FIJA--INFORMACIÓN GENERAL
campo de control de longitud fija 120613s1970 sp af |||| |bspa d
080 ## - NÚMERO DE LA CLASIFICACIÓN DECIMAL UNIVERSAL
Número de la Clasificación Decimal Universal 75Velázquez, Diego
100 1# - ENTRADA PRINCIPAL--NOMBRE DE PERSONA
Nombre de persona Velázquez, Diego,
Fechas asociadas al nombre 1599-1660
9 (RLIN) 113793
245 13 - MENCIÓN DEL TÍTULO
Título La obra pictórica completa de Velázquez /
Mención de responsabilidad, etc. introducción de Miguel Ángel Asturias ; biografía y estudios críticos de P. M. Bardi.
260 ## - PUBLICACIÓN, DISTRIBUCIÓN, ETC.
Lugar de publicación, distribución, etc. Barcelona :
Nombre del editor, distribuidor, etc. Noguer,
Fecha de publicación, distribución, etc. [1970] (
Fabricante Rizzoli)
300 ## - DESCRIPCIÓN FÍSICA
Extensión 120 p. :
Otras características físicas il. col. y n. ;
Dimensiones 32 cm.
490 1# - MENCIÓN DE SERIE
Mención de serie Clásicos del arte ;
Designación de volumen o secuencia 13
500 ## - NOTA GENERAL
Nota general Índices.
504 ## - NOTA DE BIBLIOGRAFÍA, ETC.
Nota de bibliografía, etc. Bibliografía: p. 82.
700 1# - ENTRADA AGREGADA--NOMBRE PERSONAL
Nombre de persona Asturias, Miguel Ángel,
Fechas asociadas al nombre 1899-1974
9 (RLIN) 23701
700 1# - ENTRADA AGREGADA--NOMBRE PERSONAL
Nombre de persona Bardi, P. M.
9 (RLIN) 150537
830 0# - PUNTO DE ACCESO ADICIONAL DE SERIE-TÍTULO UNIFORME
Título uniforme Clásicos del arte ;
Designación de volumen o secuencia 13
9 (RLIN) 191252
852 ## - LOCALIZACIÓN
Ubicación ES-MaACL
Número de control de estantería L-31048
Holdings
Estatus retirado Estado de pérdida Estado de daño No para préstamo Biblioteca de origen Biblioteca actual Ubicación en estantería Fecha de adquisición Fuente de adquisición Total de préstamos Signatura topográfica completa Código de barras Visto por última vez Precio de reemplazo Tipo de ítem Koha
        Biblioteca del Ateneo de Madrid Biblioteca del Ateneo de Madrid Depósito 2 13/06/2012     L-31048 1189727 23/02/2023 23/02/2023 Libro impreso